Sports Quiz

Random Sports or Clickable Quiz

Masters 2012 Quiz Stats

 Plays Quiz not verified by Sporcle

Challenge
Share
Tweet
Embed
Score 0/62 Timer 06:00
0 Plays Today
% Correct
Oosthuizen
100%
Mickelson
100%
Kuchar
97.8%
Harrington
97.8%
Furyk
97.8%
Donald
97.8%
McIlroy
97.8%
B Watson
95.6%
Poulter
95.6%
Couples
95.6%
Snedeker
95.6%
Dufner
95.6%
Stenson
95.6%
Kaymer
95.6%
Schwartzel
95.6%
Jimenez
95.6%
Westwood
93.3%
Rose
93.3%
Scott
93.3%
Garcia
93.3%
McDowell
93.3%
Mahan
91.1%
Van Pelt
91.1%
Fowler
91.1%
Singh
91.1%
Woods
91.1%
Hanson
88.9%
Stricker
88.9%
F Molinari
86.7%
Haas
86.7%
Crane
84.4%
% Correct
Simpson
84.4%
Cink
84.4%
Ogilvy
82.2%
Watney
82.2%
Lawrie
80%
Bradley
80%
O'Hair
80%
Z Johnson
80%
Hansen
77.8%
Cabrera
77.8%
Laird
77.8%
E Molinari
75.6%
Na
73.3%
Baddeley
73.3%
Matsuyama
73.3%
Fernandez-Castano
71.1%
Immelman
68.9%
Karlsson
66.7%
Howell III
62.2%
Verplank
62.2%
Fisher
60%
Cantlay
60%
Bjorn
57.8%
Toms
57.8%
Jacobsen
51.1%
Yang
51.1%
Byrd
48.9%
Bae
48.9%
Stallings
40%
Chappell
40%
Ballesteros
13.3%

You're not logged in!

Compare scores with friends on all Sporcle quizzes.
OR
Log In

You Might Also Like...

Show Comments

Extras

Top Quizzes Today


Score Distribution

Your Account Isn't Verified!

In order to create a playlist on Sporcle, you need to verify the email address you used during registration. Go to your Sporcle Settings to finish the process.

Report this User

Report this user for behavior that violates our Community Guidelines.

Details: